1905 1513 1516 1998 1193 1341 1526 1605 1506 1953 1713 1568 1561 1597 1625 1651 1252 1224 1378 1649 1801 1507 1800 1006 1945 1093 1867 1013 1516 1575 1197 1671 1390 1217 1117 1340 1857 1244 1959 1961 1210 1559 1717 1504 1181 1373 1305 1829 1939 1464 1913 1973 1650 1425 1468 1510 1441 1754 1641 1389 1338 1202 1806 1338 1077 1799 1607 1761 1989 1865 1572 1133 1444 1169 1146 1909 1321 1127 1141 1871 1269 1210 1441 1132 1156 1886 1372 1741 1908 1902 1470 1539 1921 1918 1132 1282 1457 1277 1463 BCNSPRNW ULIB Ver.6.0+V

เปลี่ยนเป็นภาษาไทย

Change to English
 แสดงรายละเอียดบรรณานุกรม
  กลับหน้าหลัก

Brief Record : Get Marc (ISO 2709) : E-mail record : QR code < ปิดหน้าต่าง
LEADER : 00000nam 2200000uu 4500
001    13399128534
003     ULIB
008    230831s2560||||th 000 0 tha d
020    ^a9786163920607
060    ^aWS440^bV112น
100    ^a^ Vacharobon Thirakhupt
245    ^aนิทานสุภาษิต 2 ภาษา (ไทย-อังกฤษ) สอนให้เด็ก ๆ รู้จักระมัดระวังอันตรายจากคนแปลกหน้า นกกระยางเจ้าเล่ห์ : The Tricky Egret
250    ^aพิมพ์ครั้งที่ 1
260    ^aกรุงเทพฯ :^bโลกหนังสือ,^c2560
300    ^a10 หน้า;^c19 ซม.
650    ^aนิทานเด็ก
650    ^aเด็ก-พัฒนาการ
945    ^p50^l0^i010302
999    ^aประนอม เกษจรัล
รายการนี้ยังไม่มีแท็ก
คุณยังไม่ได้ล็อกอิน คุณสามารถมีกิจกรรมร่วมกับเว็บไซต์ได้ แต่ต้องล็อกอินก่อน ::
  ล็อกอิน

รายการสื่อสารสนเทศ

ลำดับที่ ประเภท เลขเรียก/บาร์โค้ด สถานที่ สถานะ
1. วิทยาศาสตร์การแพทย์ และสุขภาพ
วิทยาศาสตร์การแพทย์ และสุขภาพ
WS440 V112น ฉ.1 
  Barcode: 010302
ห้องสมุดวิทยาเขตสวรรค์ประชารักษ์
►หนังสือทั่วไป
ถูกยืม กำหนดส่งวันที่ 25 เมษายน 2568
  จอง

รายการใกล้เคียง
    ชื่อเรื่อง [นิทานสุภาษิต 2 ภาษา (ไทย-อังกฤษ) สอนให้เด็ก ๆ รู้จักระมัดระวังอันตรายจากคนแปลกหน้า นกกระยางเจ้าเล่ห์ : The Tricky Egret]

    ผู้แต่ง [^ Vacharobon Thirakhupt]

    หัวเรื่อง [นิทานเด็ก]
    หัวเรื่อง [เด็ก-พัฒนาการ]

BibComment


ยังไม่เคยถูกคอมเมนท์

คอมเมนท์ทรัพยากรรายการนี้
  คอมเมนท์: นิทานสุภาษิต 2 ภ..


 Copyright 2026. Bcnsprnw @Library